| 000 | 00450 a2200157 4500 | ||
|---|---|---|---|
| 005 | 20250508151050.0 | ||
| 020 | _a0-471-21473-6 | ||
| 082 | _a658.4 TOR | ||
| 100 | _aTOROK, R . M . | ||
| 245 | _aOperational Profitability : Systematic Approaches for Continuous Improvement | ||
| 250 | _a2nd Ed. | ||
| 260 |
_aNew York, _bJohn Wiley & Sons, _c2002. |
||
| 300 |
_axvi, 311p.: ill.; _bindex, _c26cm. |
||
| 700 | _aCORDON, P . J . | ||
| 942 |
_2ddc _cBKS |
||
| 999 |
_c2208 _d2208 |
||